Carregando...

Hundred best English essays: selected and edited with an introductory essay,Vol.II/

Detalhes bibliográficos
Autor principal: Birkenhead, Frederick Edwin Smith
Formato: Printed Book
Publicado em: London, Toronto [etc.] Cassell [1929]
Assuntos:
LEADER 00619cam a22001451 4500
082 |a 824.08  |b BIR-H.2 
100 1 |a Birkenhead, Frederick Edwin Smith, 
245 1 4 |a Hundred best English essays: selected and edited with an introductory essay,Vol.II/ 
260 |a London,  |a Toronto [etc.]  |b Cassell  |c [1929] 
300 |a xxi, 921,[1] p., 1 l. 
500 |a Essays from the sixteenth century to the present time, chronologically arranged. 
650 0 |a English essays. 
942 |c BK 
999 |c 53070  |d 53070 
952 |0 0  |1 0  |4 0  |6 824_080000000000000_BIRH_2  |7 0  |9 67154  |a KU  |b KU  |d 2019-01-17  |l 0  |o 824.08 BIR-H.2  |p EN13137  |r 2019-01-17  |w 2019-01-17  |y BK